Statistics for Sekiro Prosthetic Tools

Click here to take the quiz!

General Stats

  • This quiz has been taken 61 times
  • The average score is 7 of 10

Answer Stats

HintAnswer% Correct
Builds posture damage on enemies from afarLoaded Shuriken
88%
Works like a metal shield when spread openLoaded Umbrella
79%
Effective at scaring animals and stunning regular enemiesShinobi Firecracker
79%
Effective at breaking shieldsLoaded Axe
69%
Useful for stripping loose armour off enemiesLoaded Spear
69%
Used to dash away, leaving only feathers behindMist Raven
67%
Applies the poison debuff to struck enemiesSabimaru
65%
Useful for dealing with those with Red EyesFlame Vent
63%
Used to grab a single enemies attention when locked onFinger Whistle
56%
Releases gusts of wind to turn enemies aroundDivine Abduction
48%

Score Distribution

Percentile by Number Answered

Percent of People with Each Score

Your Score History

You have not taken this quiz